Produktivita práce - problémy a priority riešenia

Produktivita ako základný ukazovateľ výkonnosti ekonomiky. Porovnanie produktivity so svetom. Pozícia informačných a komunikačných technológií. Produktivita v súvislosti so zásadami pre politiky zamestnanosti členských štátov EÚ. Zameranie Národného programu zvyšovania produktivity a konkurenciesc...

Description complète

Enregistré dans:
Détails bibliographiques
Auteur principal: Rievajová, Eva
Autres auteurs: Stanek, Vojtech
Format: Chapitre de livre
Langue:slovaque
Sujets:
Tags: Ajouter un tag
Pas de tags, Soyez le premier à ajouter un tag!

MARC

LEADER 00000naa$a2200000$$$4500
001 0027819
005 20240502083123.5
041 0 |a slo 
044 |a CZ 
245 1 0 |a Produktivita práce - problémy a priority riešenia  |c Eva Rievajová, Vojtech Stanek 
520 |a Produktivita ako základný ukazovateľ výkonnosti ekonomiky. Porovnanie produktivity so svetom. Pozícia informačných a komunikačných technológií. Produktivita v súvislosti so zásadami pre politiky zamestnanosti členských štátov EÚ. Zameranie Národného programu zvyšovania produktivity a konkurencieschopnosti slovenskej ekonomiky. 
610 2 0 |a produktivita práce 
610 2 0 |a Slovensko 
610 2 0 |a Európska únia 
610 2 0 |a krajiny vyspelé 
610 2 0 |a USA 
610 2 0 |a výkonnosť ekonomiky 
610 2 0 |a technológie informačné 
610 2 0 |a technológie komunikačné 
610 2 0 |a politika zamestnanosti 
610 2 0 |a porovnanie medzinárodné 
100 1 |a Rievajová, Eva 
700 1 |a Stanek, Vojtech